[Event "RUS-ch Superfinal 60th"]
[Site "Moscow"]
[Date "2007.12.19"]
[Round "2"]
[White "Svidler, Peter"]
[Black "Dreev, Alexey"]
[Result "1-0"]
[WhiteElo "2732"]
[BlackElo "2607"]
[Annotator "Ftacnik,L"]
[PlyCount "71"]
[EventDate "2007.12.18"]
[EventType "tourn"]
[EventRounds "11"]
[EventCountry "RUS"]
[EventCategory "17"]
[SourceTitle "CBM 122"]
[Source "ChessBase"]
[SourceDate "2008.01.30"]
[SourceVersion "1"]
[SourceVersionDate "2008.01.30"]
[SourceQuality "1"]

1. e4 c5 2. Nf3 d6 3. d4 cxd4 4. Nxd4 Nf6 5. Nc3 Nc6 6. Bg5 e6 7. Qd2 Be7 8.
O-O-O Nxd4 9. Qxd4 O-O 10. f3 a6 11. h4 b5 12. Kb1 Bb7 13. Bd3 {Svidler is
choosing the less common idea with the development of the bishop to d3. From
this square it could more easily take part in the activity on the kingside. In
addition it covers the sensitive square c2.} Rc8 14. g4 (14. Ne2 Nd7 15. Ng3 f6
16. Bc1 Qc7 17. Nh5 $6 (17. h5 h6 18. Ne2 $11) 17... g6 18. Ng3 Qc5 (18... d5
$15) 19. Ne2 Ne5 20. h5 g5 21. Be3 Kf7 $15 {1-0 Nisipeanu,L (2692)-Kharlov,A 
(2593)/Tripoli 2004 (57)}) 14... Nd7 (14... Qc7 15. h5 h6 16. Bh4 Qc5 17. Qxc5
Rxc5 18. a4 b4 19. Na2 a5 20. Nc1 Ra8 21. Nb3 Rcc8 22. Bb5 $14 {1-0 Socko,B 
(2557)-Mantovani,R (2386)/Saint Vincent 2001 (50)}) (14... e5 15. Qg1 Rxc3 16.
bxc3 Qa5 17. Bxf6 Bxf6 18. Qa7 Bc8 19. Bf1 Qa3 20. Bxb5 Bd8 21. Bc4 Qxc3 22.
Bb3 $16 {1-0 Ruzicka,P (2293)-Zeleny,T (2276)/Czechia 2005 (40)}) 15. Be2 {
The first sign that not everything is going White's way. By retreating the
bishop White increases the pressure against the d6-pawn.} (15. Bxe7 Qxe7 16.
Be2 Rc6 $11) 15... Rc6 16. a3 Bxg5 17. hxg5 Qxg5 18. Rh5 {With the help of a
pawn sacrifice the attacker has achieved the partial opening of the h-file. It
will not be at all easy to break through to the black king.} (18. Qa7 $4 Rb6
$19) 18... Qf4 19. Rdh1 (19. g5 $5 Rd8 20. Rdh1 Nf8 $13) 19... Nf6 20. R5h3
Rfc8 {In the quiet of the home laboratory, it seems that Dreev could have made
it even more difficult for White with the help of the subtle 20...h6!?} (20...
h6 $5 21. Bd3 Qg5 22. Ne2 e5 23. Qf2 d5 $15) 21. Bd3 h6 (21... Kf8 $5 22. Qg1
h6 23. g5 Qxg5 24. Rg3 Qc5 25. Rxg7 Qxg1+ 26. Rgxg1 $11) 22. Ne2 (22. g5 Qxg5
23. Rxh6 gxh6 24. Rg1 Qxg1+ 25. Qxg1+ Kf8 26. a4 $11) 22... Qd2 23. e5 {
The fascinating moment of the game, since Svidler is forced to be consequent
in his risky strategy. The original idea with the move 23.g5 was abandoned
because of the response 23...e5! Objectively seen it would probably have been
the best continuation anyway.} (23. g5 e5 $1 (23... Qxg5 24. Rg3 Qe5 (24... e5
25. Qg1 Qd2 26. Rxg7+ Kf8 27. Nc3 $14) 25. Rxh6 $1 Kf8 26. Rh8+ Ng8 27. Qg1 $14
) 24. Qb4 (24. Qg1 Rxc2 $1 25. Bxc2 Rxc2 26. Ka1 Rxb2 27. Qc1 Ra2+ 28. Kb1 Nxe4
$19) (24. Qa7 Rxc2 25. Bxc2 Rxc2 26. Ka1 Bc8 27. R3h2 Qxg5 $19) 24... Qxg5 $1
25. Rxh6 (25. Rg3 Qe3 26. f4 Qf2 27. Rhg1 Nh5 28. R3g2 Qc5 29. Qd2 Kf8 30. f5
d5 $17) 25... gxh6 26. Rg1 Qxg1+ 27. Nxg1 Nd7 $15) 23... Rxc2 $1 (23... dxe5 $4
24. Bh7+ $18) 24. Bxc2 (24. exf6 Rxb2+ 25. Qxb2 Qxd3+ 26. Ka1 Rc2 27. Nc1 Qc4
28. Qb3 Rxc1+ 29. Kb2 Qxb3+ 30. Kxb3 Rxh1 31. Rxh1 Bxf3 $19) 24... Qxc2+ 25.
Ka1 dxe5 {Dreev has no reason to complain. He found an excellent solution at
the critical juncture in the game. The satisfaction about having averted a
catastrophe has lulled his attention to such a degree, that in the span of
three moves he will turn his position into a lost one.} (25... Nd7 26. Qe3 Nxe5
27. Rxh6 $1 gxh6 (27... f6 28. Rh8+ Kf7 29. Rc1 Qxe2 30. Qxe2 Rxc1+ 31. Ka2
Bd5+ 32. b3 Rc3 $13) 28. Qxh6 Ng6 29. Nf4 Qc1+ $1 30. Rxc1 Rxc1+ 31. Ka2 Nxf4
32. Qg5+ Kh8 33. Qxf4 Bd5+ 34. b3 Rf1 $14) (25... Qxe2 $5 26. exf6 Bxf3 27. Rg1
Rc4 28. Qxd6 Qe3 29. Rb1 Rc1 $17) 26. Qxe5 Nd7 $2 (26... Qc5 27. Qf4 $11) (
26... Qb3 $5 27. Nc1 (27. f4 Nxg4 28. Qd4 Qc4 $19) 27... Qd5 $15) 27. Qe3 Qc5
$2 (27... e5 28. Ng3 Nc5 29. Rxh6 gxh6 30. Qxh6 Nb3+ 31. Ka2 Nc1+ 32. Ka1 Nb3+
33. Ka2 $11) 28. Rxh6 $1 {[%mdl 64] Sometimes in chess there are moments on
the level of a cold shower. This shocking blow must have felt for Dreev like
the ice water treatment!} gxh6 (28... Qxe3 $2 29. Rh8#) (28... Kf8 29. Rxe6
fxe6 30. Qxe6 g6 31. Rh7 $18) 29. Qxh6 Qe5 (29... f6 30. Qh8+ Kf7 31. Rh7+ Kg6
32. Rg7#) 30. Rh5 {The tragedy is complete. Black's pieces are so poorly
located, that he will not be able to get any counterplay.} Rc5 (30... Qf6 31.
Rg5+ $18) (30... f5 31. Qh7+ Kf8 32. Qxd7 $18) 31. Rxe5 Rxe5 32. Nf4 Bd5 (32...
Bxf3 33. Nh5 Rxh5 34. gxh5 $18) 33. b4 Re1+ 34. Kb2 f6 35. Ng6 Re2+ 36. Kc1 1-0

[Event "WchT 6th"]
[Site "Beersheba"]
[Date "2005.11.09"]
[Round "8.2"]
[White "Dominguez Perez, Leinier"]
[Black "Gulko, Boris F"]
[Result "1-0"]
[WhiteElo "2635"]
[BlackElo "2577"]
[Annotator "Ftacnik,L"]
[PlyCount "63"]
[EventDate "2005.11.01"]
[EventType "team-tourn"]
[EventRounds "9"]
[EventCountry "ISR"]
[SourceTitle "CBM 110"]
[Source "ChessBase"]
[SourceDate "2006.01.31"]
[SourceVersion "1"]
[SourceVersionDate "2006.01.31"]
[SourceQuality "1"]
[WhiteTeam "Cuba"]
[BlackTeam "US of America"]
[WhiteTeamCountry "CUB"]
[BlackTeamCountry "USA"]

1. e4 c5 2. Nf3 d6 3. d4 cxd4 4. Nxd4 Nf6 5. Nc3 Nc6 6. Bg5 e6 7. Qd2 Be7 8.
O-O-O O-O 9. f3 a6 10. h4 Nxd4 11. Qxd4 b5 12. Kb1 Qc7 13. Qd2 b4 $5 14. Ne2 a5
(14... Rb8 15. g4 a5 16. Nd4 a4 17. Bd3 e5 18. Nf5 Bxf5 19. gxf5 a3 20. b3 d5 {
0-1 Benjamin,J (2577)-Gulko,B (2643)/Seattle 2000/ (32)}) (14... Rd8 15. g4 a5
16. Nd4 e5 17. Nf5 Bxf5 18. exf5 Ne8 19. Bb5 Rac8 20. Qe2 d5 21. Bxe8 Rxe8 22.
Rxd5 f6 23. Bc1 a4 {1/2-1/2 Shabalov,A (2575)-Gonzalez Garcia,J (2429)/Buenos
Aires 2003/ (42)}) 15. Nd4 Ba6 $6 {Gulko decides to swap light squared bishops
and ommits the possibilty to question the white knight on d4 with 15...e5!?} (
15... e5 $5 16. Nb5 (16. Nf5 Bxf5 17. exf5 Rfc8 $15) 16... Qc6 17. Bxf6 gxf6
18. g4 Be6 (18... Ba6 19. Qd5 $14) 19. g5 f5 $11) 16. Bxa6 Rxa6 17. Qe2 Rb6 18.
g4 Rc8 19. h5 h6 $2 {The real reason for defenders failure has to be this
illogical move. Black was in no way forced to touch one of the pawns yet, it
will become much easier for Dominguez to open up one of the files.} (19... Nxe4
20. Bxe7 Ng3 (20... Nc3+ 21. bxc3 bxc3+ 22. Ka1 Qxe7 23. Rb1 $16) 21. Qd2 Nxh1
22. Bh4 a4 23. Rxh1 d5 24. h6 $14) (19... a4 20. Bc1 Nd7 $13) 20. Be3 Nd7 (
20... Nh7 $5 21. f4 a4 22. g5 hxg5 23. fxg5 (23. h6 g6 (23... gxf4 24. hxg7 $18
) 24. f5 gxf5 25. exf5 e5 $15) 23... Bxg5 24. Bxg5 Nxg5 25. h6 b3 26. cxb3 axb3
27. a3 $14) 21. Rhg1 (21. Nb5 Rxb5 22. Qxb5 Qxc2+ 23. Ka1 Bf6 24. Rb1 Nc5 25.
Rhc1 Qg2 $14) 21... Bf6 (21... a4 22. g5 hxg5 23. Bxg5 Bf8 24. h6 g6 25. Be3
$16) 22. g5 $1 {[%mdl 128] It becomes obvious, that Gulko had massively helped
his opponent to advance his attacking chances.} hxg5 23. Bxg5 Kh8 (23... Bxd4
$2 24. Rxd4 Rc6 25. Qg2 Rxc2 26. Bd2 $18) 24. Bxf6 Nxf6 25. Rg5 (25. Qg2 Rg8
26. h6 g5 27. f4 $16) 25... a4 26. Qd2 Qe7 (26... a3 27. Qg2 $1 (27. Rdg1 Qc3
28. Qxc3 bxc3 29. b3 $14) (27. Nb5 Qe7 28. Nxd6 Rcc6 $13) 27... Rg8 28. Rg1 Ne8
29. h6 g6 30. Nxe6 fxe6 31. Rxg6 $18) 27. Rdg1 Rg8 28. Qg2 Ne8 29. Rg6 $1 {
Excellent idea, that fully exploits the passive location of black defenders.} (
29. h6 g6 30. f4 $16) 29... Qf8 (29... fxg6 30. hxg6 Qh4 31. Rh1 Qh6 32. Nxe6
$18) 30. Nxe6 fxe6 31. h6 Qf7 (31... Rb7 32. Rh1 gxh6 33. Rgxh6+ Qxh6 34. Rxh6+
Rh7 35. Rxh7+ Kxh7 36. Qh3+ Kg7 37. Qxe6 $18) 32. Rh1 1-0

[Event "Linares 15th"]
[Site "Linares"]
[Date "1998.03.07"]
[Round "12"]
[White "Ivanchuk, Vassily"]
[Black "Anand, Viswanathan"]
[Result "0-1"]
[WhiteElo "2740"]
[BlackElo "2770"]
[Annotator "Ftacnik,L"]
[PlyCount "54"]
[EventDate "1998.02.22"]
[EventType "tourn"]
[EventRounds "12"]
[EventCountry "ESP"]
[EventCategory "21"]
[SourceTitle "CBM 064"]
[Source "ChessBase"]
[SourceDate "1998.06.02"]
[SourceVersion "1"]
[SourceVersionDate "1998.06.02"]
[SourceQuality "1"]

1. e4 {Petursson Gofshtein,L} c5 2. Nf3 d6 3. d4 cxd4 4. Nxd4 Nf6 5. Nc3 Nc6 6.
Bg5 e6 7. Qd2 Be7 8. O-O-O O-O 9. f3 (9. f4 {Gofshtein,L}) 9... Nxd4 10. Qxd4
a6 (10... Qa5 {Gofshtein,L} 11. Bd2 Qc7 12. Nb5 Qd8 (12... Qb8 13. Bb4 e5 14.
Qc3 Ne8 15. Qa3 a6 16. Nc3 (16. Nxd6 a5 17. Bc5 b6 18. Nxc8 Bxc5 19. Ne7+ Kh8
20. Nc6 $13) 16... Be6 (16... a5 17. Nd5 $1) 17. Nd5 $14 {Vera}) 13. Bb4 d5 14.
Bxe7 Qxe7 15. exd5 $1 Nxd5 16. Nxa7 Bd7 17. Kb1 $16) (10... Bd7 {Gofshtein,L}
11. Bc4 Bc6 12. h4 Qa5 13. Bb3 Rfd8 14. Kb1 b5 15. e5 dxe5 16. Qxe5 Qb6 $11 {
Relange-Sosonko,Cannes 1996}) (10... e5 {Gofshtein,L} 11. Qd2 Be6 12. Kb1 Rc8
13. h4 Rc5 14. a3 Qb8 15. Be3 $16 {Chandler-Lobron Biel 1987}) 11. h4 (11. e5 {
Gofshtein,L} dxe5 12. Qxe5 Qe8 13. Be2 Bd7 14. Qg3 $13 {Kuzmin-Oll Lviv 1990})
(11. Kb1 {Gofshtein,L} Qa5 12. Qd2 Rd8 $2 13. Nd5 Qxd2 14. Nxe7+ Kf8 15. Bxd2
Kxe7 16. Ba5 Rd7 17. c4 $16 {Liss-Van Delft Leeuwarden 1995}) 11... b5 (11...
Qa5 {Gofshtein,L} 12. Kb1 b5 13. Bd3 Bb7 14. g4 Rac8 15. Ne2 Qc7 16. Qf2 b4 $13
{Santo Roman-Gurevich France 1986}) 12. Kb1 (12. e5 dxe5 13. Qxe5 Qa5 14. Bd3
Bb7 15. Kb1 Rac8 16. Ne4 Bxe4 17. Bxe4 Nxe4 18. Qxe4 Qc7 19. Bxe7 Qxe7 20. Rd4
Rfd8 21. Rhd1 h6 22. Qd3 Rxd4 23. Qxd4 {1/2-1/2 Urbanec,K-Prucha,K/CSR-ch 1954/
}) (12. a3 Bb7 13. h5 h6 14. Bh4 Rc8 15. g4 Rc5 16. Rg1 e5 17. Qd3 Ne8 18. Bf2
Rc7 19. Kb1 Bg5 20. a4 b4 21. Nd5 Bxd5 22. Qxd5 Nf6 23. Qa5 Rc6 24. Qxb4 Qc7
$44 {0-1 Lhagvasuren,C-Nicevski,R/Dreszer mem 1988/ (43)}) (12. g4 Bb7 13. Be3
(13. Qf2 b4 14. Na4 Bc6 15. Nb6 Rb8 16. Nc4 d5 17. Bf4 Rb7 18. Ne5 Bb5 19. g5
Nh5 20. Bh2 Qa5 21. Kb1 f6 22. gxf6 Nxf6 23. Bh3 $16 {1-0 Zapata,A-Hernandez,G/
Cali zt 1990/ (29)}) 13... e5 14. Qd2 b4 15. Nd5 Nxd5 16. exd5 a5 17. g5 Qc7
18. h5 b3 19. axb3 a4 20. Bc4 axb3 21. cxb3 Ra5 22. Qc3 Rc8 $13 {Pribyl,M-Reeh,
O/BL9394 1994/1/2-1/2 (55)}) 12... Qc7 (12... Bb7 13. Bd3 Qc7 14. Qe3 Rfe8 15.
Rde1 b4 16. Ne2 a5 17. Nc1 a4 18. Qd2 Ba6 19. Qxb4 Reb8 20. Qd2 d5 21. Qe2
Rxb2+ 22. Kxb2 Ba3+ {0-1 Wiesmann,H-Matthias,H/NRW-I 1994/}) 13. h5 (13. Bxf6 {
Gofshtein,L} gxf6 (13... Bxf6 14. Qxd6 Qa5 15. e5 $16 Bd8) 14. g4 Qc5 15. Qd2
$13) (13. g4 $5 {Gofshtein,L}) 13... h6 14. Bh4 $6 {Not so bad in itself, but
bishop would control also other important squares from e3. White keeps the
pressure on f6 and hopes for g4-g5 attack.} (14. Be3 Bb7 15. g4 Nh7 $11) (14.
Bxf6 $6 {Gofshtein,L} gxf6 15. Qd2 Kg7 16. Rh3 $13 Rh8 $13) 14... Bb7 15. Ne2 (
15. g4 e5 (15... Rad8 16. g5 hxg5 17. Bxg5 Nxe4 18. Nxe4 Bxe4 19. Qxe4 Bxg5 20.
Bd3 Rfe8 21. Qh7+ Kf8 22. Qh8+ Ke7 23. Qxg7 $14) 16. Qd3 Rac8 17. g5 hxg5 18.
Bxg5 Nxe4 19. Nxe4 (19. fxe4 Bxg5 20. Qxd6 Qxd6 21. Rxd6 Rfd8 $17) 19... Bxe4
20. fxe4 Bxg5 21. Bh3 Rcd8 $15) (15. Bd3 $5 {Gofshtein,L}) 15... Rac8 16. Qd2 (
16. Rc1 d5 $17) 16... Rfd8 17. Re1 {If moves like this are called for white's
plan must have gone astray. In the meantime black have managed to develop all
his pieces. Gofsthein: for white a difficult to found good move} (17. Bg3 Ne8
$15 (17... e5 {Gofshtein,L} 18. Nc3 b4 19. Nd5 Nxd5 20. exd5 Bxd5 21. Bxa6
Bxa2+ $19)) (17. Nd4 d5 18. e5 (18. exd5 Rxd5 $17) 18... Qxe5 19. g4 $44) (17.
g4 {Gofshtein,L} Nxe4 18. fxe4 Bxe4 $40) 17... e5 $1 (17... d5 18. e5 $1 {
Gofsthein: This was the idea of 17.Te1} Qxe5 19. Bg3 Qf5 20. Nd4 Qh7 21. Bd3
Qh8 22. Bh4 $15) 18. Bxf6 $6 (18. Nc3 d5 (18... b4 {Gofshtein,L}) 19. Nxd5 (19.
Bxf6 dxe4 20. Qf2 Bxf6 $17) 19... Nxd5 20. exd5 Bxd5 $15) (18. Ng3 $142 d5 19.
Bd3) 18... Bxf6 19. Nc3 Bg5 20. Qd1 $6 (20. Qd3 $5 $17 {Anand} d5 (20... Qa5
21. Rd1 Rc5 $15) 21. Nxd5 Bxd5 22. exd5 Rxd5 23. Qb3 $8 (23. Qf5 e4 24. Qxe4 $2
Re5 25. Qxe5 Qxc2+ 26. Ka1 Qc1+ 27. Rxc1 Rxc1#) (23. Qe4 Rd4 24. Qf5 e4) 23...
Rd2 $17) 20... Qa5 (20... d5 21. Nxd5 Bxd5 22. exd5 Rxd5 23. Bd3) (20... b4 21.
Nd5 Bxd5 22. exd5 a5 23. Bb5 $1) 21. Nd5 (21. g4 Rxc3 22. bxc3 Qxc3 23. Rh2 d5
$19) 21... Bxd5 22. exd5 Rxc2 $1 {Bolt from the blue, but a very logical one.
Black has active pieces and only he could play for more after quiet
continuations.} 23. Kxc2 (23. f4 Rd2 $19) 23... Qxa2 24. f4 (24. Re4 Rc8+ 25.
Bc4 (25. Kd3 Qxb2 26. Rg4 e4+ 27. Kxe4 Qe5+ 28. Kd3 Qe3# (28... Rc3#)) 25...
bxc4 26. Rhe1 Rb8 $19) (24. Kd3 $2 Qc4#) (24. Qd3 Rc8+ 25. Kd1 (25. Qc3 Rxc3+
26. Kxc3 b4+ 27. Kc2 b3+ 28. Kc3 Qa5+ $19) 25... Rc1+ 26. Ke2 Qxb2+ $19) 24...
Rc8+ {Not even a miracle could stop such an attack.} ({Not} 24... Bxf4 $2 {
Petursson} 25. Rh3) 25. Kd2 (25. Kd3 Qc4+ 26. Kd2 Qxf4+ 27. Kd3 Qc4#) 25...
Bxf4+ 26. Ke2 Qxb2+ 27. Kf3 (27. Kd3 Qd4+ 28. Ke2 Qe3#) 27... Rc1 (27... Rc1
28. Qe2 Qc3+ 29. Kg4 Qg3+ (29... Rxe1 $19) 30. Kf5 g6+ 31. Ke4 f5#) 0-1

[Event "Elenite"]
[Site "Elenite"]
[Date "1994.??.??"]
[Round "8"]
[White "Ermenkov, Evgenij"]
[Black "Epishin, Vladimir"]
[Result "0-1"]
[WhiteElo "2480"]
[BlackElo "2650"]
[Annotator "Ftacnik,L"]
[PlyCount "80"]
[EventDate "1994.??.??"]
[EventType "tourn"]
[EventRounds "9"]
[EventCountry "BUL"]
[EventCategory "15"]
[SourceTitle "CBM 044"]
[Source "ChessBase"]
[SourceDate "1995.02.01"]
[SourceVersion "1"]
[SourceVersionDate "1995.02.01"]
[SourceQuality "1"]

1. e4 c5 2. Nf3 d6 3. d4 cxd4 4. Nxd4 Nf6 5. Nc3 Nc6 6. Bg5 e6 7. Qd2 Be7 8.
O-O-O O-O 9. Nb3 Qb6 10. f3 Rd8 11. Be3 Qc7 12. Qf2 d5 13. exd5 Nxd5 14. Nxd5
Rxd5 15. Rxd5 exd5 16. g4 Ne5 (16... Be6 17. Kb1 (17. a3 Rc8 18. Bd3 Ne5 19.
Rd1 Nc4 20. Bd4 Bg5+ 21. Kb1 b6 22. Nc1 Bf4 23. Ne2 Be5 24. g5 $13 {Hazai,
L-Piket,J/Rotterdam EU-CUP f/1988/1-0 (50)}) 17... Bf6 18. Nd4 (18. g5 Be5 19.
f4 d4 20. Bc1 Bd5 21. Rg1 Bd6 22. Bg2 Bxg2 23. Rxg2 Qd7 24. Qe2 $15 {Illescas
Cordoba,M-Kramnik,V (1)/Alcobendas m/1993/0-1 (58)}) 18... Nxd4 19. Bxd4 Qf4
20. Bxf6 Qxf6 21. Rg1 d4 22. Bd3 Bd5 23. f4 Re8 24. Re1 $14 {Sanchez Almeyra,
J-Zarnicki,P/San Martin (04)/1994/0.5 (50)}) 17. Kb1 Nc4 18. Bd4 a5 $1 $146 (
18... Qf4 19. Bd3 b6 20. Qe2 Be6 21. c3 Bd6 22. Bc2 Re8 23. Bf2 Qf6 24. h4 $13
{Rodriguez,Am-Wittmann,W/Thessaloniki olm (2)/1988/0.5 (61)}) 19. Bd3 a4 20.
Nc1 Bd7 21. h4 Bb5 22. Re1 Bb4 (22... Rc8 23. g5 a3 24. b3 Nd6 25. Re5 $36) 23.
c3 (23. Re2 Rc8 24. f4 a3 25. b3 Nd6 26. Re5 (26. Bxg7 $2 Bxd3 27. Nxd3 Ne4 28.
Rxe4 dxe4 29. Nxb4 Kxg7 $19) 26... Bc6 $13) 23... Bd6 24. Qc2 h6 25. g5 Bf4 26.
Bxc4 $6 {^^} (26. g6 Nd2+ 27. Ka1 Nxf3 28. gxf7+ Qxf7 29. Rf1 $17) (26. gxh6
Bxh6 27. Ka1 $15) 26... dxc4 27. g6 Re8 $1 28. Rxe8+ Bxe8 29. Ne2 Bd6 (29...
fxg6 $2 30. Qe4 $18) 30. h5 fxg6 31. hxg6 Qe7 32. f4 Bc6 $1 33. Kc1 (33. Ka1
Qe4 $19) 33... Qe4 $1 34. Qd2 (34. f5 Qxc2+ 35. Kxc2 Be4+ $19) 34... a3 $1 35.
Be3 (35. bxa3 Bxa3+ 36. Kd1 Qb1+ 37. Nc1 Bf3+ $19) (35. b3 cxb3 36. axb3 Qxg6
$19) 35... Ba4 $1 36. Ng3 (36. b3 cxb3 37. axb3 Bxb3 $19) 36... Qxg6 37. Qd5+
Kh7 38. Ne4 Bxf4 $1 39. Bxf4 Qg1+ 40. Kd2 Qd1+ (40... Qd1+ 41. Ke3 Qxd5 $19)
0-1

[Event "RUS-ch 57th"]
[Site "Moscow"]
[Date "2004.11.22"]
[Round "7"]
[White "Svidler, Peter"]
[Black "Korotylev, Alexey"]
[Result "1-0"]
[WhiteElo "2735"]
[BlackElo "2596"]
[Annotator "Ftacnik,L"]
[PlyCount "123"]
[EventDate "2004.11.15"]
[EventType "tourn"]
[EventRounds "11"]
[EventCountry "RUS"]
[EventCategory "18"]
[SourceTitle "CBM 104"]
[Source "ChessBase"]
[SourceDate "2005.01.27"]
[SourceVersion "1"]
[SourceVersionDate "2005.01.27"]
[SourceQuality "1"]

1. e4 c5 2. Nf3 d6 3. d4 cxd4 4. Nxd4 Nf6 5. Nc3 Nc6 6. Bg5 e6 7. Qd2 Qb6 8.
O-O-O Be7 9. Nb3 O-O 10. f3 Rd8 11. Nb5 Rd7 12. Qe1 a6 13. N5d4 Rd8 14. Be3 Qc7
15. Nxc6 {Svidler is looking for a new paths in a well known position. The
Black queen will have to retreat from the c6 square after the timely Nd4.} (15.
g4 Nxd4 16. Nxd4 d5 17. g5 Nh5 18. Qh4 g6 19. Bd3 dxe4 20. Bxe4 e5 21. Ne2 Be6
22. Nc3 Rac8 {1/2-1/2 Korneev,O-Kotronias,V/Port Erin 2003/}) 15... Qxc6 (15...
bxc6 16. Bd2 Rd7 17. Ba5 Qb7 18. g4 $13) 16. g4 b5 (16... d5 17. e5 Nd7 18. Qg3
Nc5 19. Bxc5 Bxc5 20. f4 Be7 21. Kb1 $14) 17. Nd4 Qc7 18. Bd2 $5 Nd7 (18... Re8
19. Ba5 Qc5 20. Kb1 Bb7 $13) 19. Ba5 {White originally, but very efficiently
slows down counterplay against his own king from a5 square.} Nb6 20. h4 Bd7 (
20... d5 21. e5 Bb7 22. f4 $14) 21. g5 Rdc8 22. Kb1 Rab8 (22... e5 23. Bxb6
Qxb6 24. Nf5 Bxf5 25. exf5 b4 26. Qe4 $14) 23. Bh3 Qb7 (23... e5 $2 24. Bxd7
Qxd7 25. Bxb6 Rxb6 26. Nf5 Rbc6 27. Rh2 $16) 24. Bxb6 {Since Korotylev has
invested many moves in the preparation of the counterplay with Nc4 jump, White
is completing the logic of the move Ba5 with the swap on b6.} Qxb6 25. Qd2 Rc4
(25... Rc5 26. f4 Rbc8 27. h5 $40) 26. h5 Rbc8 (26... Bxg5 $4 27. Qxg5 Rxd4 28.
Rdg1 g6 29. hxg6 fxg6 30. Qf6 $18) 27. f4 Qc7 (27... b4 28. Rh2 a5 $132) 28.
Rh2 Rd8 $6 {Black is fooling around, instead he had to look for ways of
attacking on the queenside at any cost.} (28... d5 29. exd5 exd5 30. Bxd7 Qxd7
31. Re2 $14) 29. Bf1 Rc5 (29... Ra4 $2 30. b3 Ra5 31. g6 $16) 30. Nb3 Rc6 31.
Bd3 Bc8 (31... Rc8 32. g6 $16) 32. Rg2 (32. Nd4 Rb6 33. g6 $16) 32... Bf8 (
32... d5 33. e5 Qb6 34. f5 exf5 35. Qf4 g6 36. Rh2 $16) 33. g6 $1 {The
kingside will not be closed any more after this typical attacking measure.} (
33. h6 g6 34. Nd4 Rb6 35. f5 d5 $14) 33... fxg6 (33... h6 34. gxf7+ Qxf7 35. f5
$16) 34. hxg6 h6 35. Nd4 Rc5 (35... Rb6 36. Qe3 $1 Qc5 37. Be2 $16) 36. c3 Qe7
(36... e5 37. Nb3 Rc6 38. Rh2 d5 39. exd5 Rxd5 40. fxe5 Rxe5 41. Rf1 $16) 37.
Bc2 Kh8 (37... d5 38. Re2 $16) 38. Nf3 Rh5 $6 (38... Qf6 39. e5 Qe7 40. Ng5 Rd5
41. Nf7+ Kg8 42. Qe2 $18) (38... Kg8 39. Rh2 d5 40. Ne5 $16) 39. Ne5 $1 {
An excellent jump of the knight with the aim to access f7 close to the Black
king.} Re8 $8 (39... Kg8 40. Nc6 $18) 40. Nf7+ Kg8 41. Qe2 Qh4 (41... Rh4 42.
Nxd6 $18) 42. Rf2 (42. Bb3 Bb7 43. Rgg1 Qh2 $16) (42. Nxd6 $6 Bxd6 43. Rxd6
Qxf4 44. Qxh5 Qxd6 45. e5 Qc5 46. a3 $14) 42... d5 43. a3 (43. exd5 $5 Rxd5 44.
Rdf1 $16) 43... dxe4 $6 {This faulty move improves White pieces, centralizes
the bishop on e4 and opens up the central d file.} (43... Bb7 44. Rff1 (44. Rd2
dxe4 45. Bxe4 Bxe4+ 46. Qxe4 Qh1+ 47. Qxh1 Rxh1+ 48. Kc2 Rg1 $14) 44... Qh2 45.
Qe3 dxe4 46. Bxe4 Qh3 47. Qe1 Bxe4+ 48. Qxe4 Qf5 49. Rfe1 $16) (43... Bc5 44.
Rff1 Qh2 45. Qxh2 Rxh2 46. exd5 exd5 47. Rxd5 $16) 44. Bxe4 Rc5 45. Qe3 Rc4 (
45... Rc7 46. Rfd2 $16) 46. Rfd2 Bc5 47. Qf3 Be7 {[%mdl 128] It looks as if
Korotylev has managed to defend against the worst threats. The following serie
of blows is very impressive.} (47... Qf6 48. Rd8 Rf8 49. Ka2 (49. Rxf8+ Bxf8
50. Ne5 Rc7 51. Qe3 $16) 49... a5 50. Rxf8+ Bxf8 51. Rd8 Qe7 52. Qd3 Ba6 53.
Qd6 Qxd6 54. Nxd6 Rc7 55. f5 $18) 48. Ne5 Rc7 49. Rh1 Qf6 50. Ng4 Qf8 51. Nxh6+
gxh6 52. g7 $1 Qxg7 (52... Qf6 53. Qh5 $18) (52... Kxg7 53. Rxh6 $1 $18) 53.
Rg2 {Svidler has managed to open up the kingside, the fight was decided to his
benefit.} Bf6 (53... Bg5 54. fxg5 hxg5 55. Qh5 $18) 54. Rxh6 Kf8 55. Rxg7 Bxg7
(55... Kxg7 56. Qh5 $18) 56. Rh1 Rd8 (56... e5 57. fxe5+ Rf7 58. Qd3 Rxe5 59.
Qd6+ Ree7 60. Bg6 Bf5+ 61. Bxf5 Rxf5 62. Qxa6 $18) 57. Qe3 Rd6 58. Rg1 Bd7 59.
f5 $1 Be8 (59... exf5 60. Qg3 $18) 60. f6 $1 {A witty small combination at the
end...} Bxf6 61. Qh6+ Ke7 (61... Bg7 62. Qf4+ $18) 62. Rg8 1-0